|
|
|
|
| LEADER |
00000nam0a2200000 4500 |
| 001 |
126284 |
| 005 |
20231031131821.0 |
| 035 |
|
|
|a (RuTPU)RU\TPU\book\136619
|
| 090 |
|
|
|a 126284
|
| 100 |
|
|
|a 20071126d1978 km y0rusy50 ca
|
| 101 |
0 |
|
|a rus
|
| 102 |
|
|
|a RU
|
| 105 |
|
|
|a a z 001zy
|
| 200 |
1 |
|
|a Разрушение горных пород комбинированными исполнительными органами
|f Ю. Л. Худин [и др.]
|
| 210 |
|
|
|a Москва
|c Недра
|d 1978
|
| 215 |
|
|
|a 224 с.
|c ил.
|
| 320 |
|
|
|a Библиогр.: с. 216-222.
|
| 610 |
1 |
|
|a горное дело
|
| 610 |
1 |
|
|a горные породы
|
| 610 |
1 |
|
|a разрушение
|
| 610 |
1 |
|
|a проходческие комбайны
|
| 610 |
1 |
|
|a проходческие работы
|
| 610 |
1 |
|
|a рабочие органовы
|
| 675 |
|
|
|a 622.236.2
|v 3
|
| 675 |
|
|
|a 622.232.83.054.8
|v 3
|
| 701 |
|
1 |
|a Худин
|b Ю. Л.
|g Юрий Людвигович
|
| 701 |
|
1 |
|a Маркман
|b Л. Д.
|g Лев Давыдович
|
| 701 |
|
1 |
|a Вареха
|b Ж. П.
|g Жорж Павлович
|
| 701 |
|
1 |
|a Цой
|b П. М.
|g Парфений Михайлович
|
| 801 |
|
1 |
|a RU
|b 63413507
|c 20071126
|g PSBO
|
| 801 |
|
2 |
|a RU
|b 63413507
|c 20080404
|g PSBO
|
| 942 |
|
|
|c BK
|